|
|
|
|
| LEADER |
00000nam a2200000 a 4500 |
| 001 |
vtls010309789 |
| 003 |
SK-MaSNL |
| 005 |
20260425223136.0 |
| 008 |
110908s1999 xo a f 000 0 slo |
| 020 |
|
|
|a (brož.)
|
| 040 |
|
|
|a SNK
|b slo
|c SNK
|e AACR2
|
| 041 |
|
|
|a slo
|
| 044 |
|
|
|a xo
|c sk
|
| 072 |
|
7 |
|a 74
|x Kresba. Umelecké remeslá
|2 konspekt
|
| 080 |
|
|
|a 745/749-028.41
|2 2001
|
| 080 |
|
|
|a (437.6)
|2 2001
|
| 080 |
|
|
|a (041)
|2 2001
|
| 245 |
0 |
0 |
|a Ľudová umelecká výroba na Slovensku
|
| 250 |
|
|
|a [1. vyd.]
|
| 260 |
|
|
|a Bratislava
|b Ústredie ľudovej umeleckej výroby
|c [1999]
|
| 500 |
|
|
|a Názov z obalu
|
| 500 |
|
|
|a Vyd. v Redakcii edície cestovného ruchu, ERPO, Bratislava
|
| 650 |
0 |
7 |
|a ľudová umelecká výroba
|2 SNKPH
|9 97658
|
| 651 |
|
7 |
|a Slovensko
|2 SNKPH
|9 14231
|
| 655 |
|
7 |
|a brožúry
|2 SNKPH
|9 70146
|
| 999 |
|
|
|c 577702
|d 579632
|
| 952 |
|
|
|a SNK
|b SNK
|y PREZ
|7 0
|p 17A0631834
|o snkOSB 16446
|i snk2011/18609
|8 1
|0 0
|1 0
|4 0
|d 2011-09-08
|l 0
|r 2026-02-23 14:38:59
|w 2026-02-23
|